[Event "Cappelle op 40th"]
[Site "Cappelle la Grande"]
[Date "2024.03.05"]
[Round "5"]
[White "Lesueur, Gabriel"]
[Black "Tarhan, Adar"]
[Result "0-1"]
[WhiteElo "2207"]
[BlackElo "2432"]
[PlyCount "56"]
[EventDate "2024.03.02"]
[EventType "swiss"]
[EventRounds "9"]
[EventCountry "FRA"]
[SourceTitle "CB11_2024"]
[SourceDate "2024.03.13"]
[SourceVersion "1"]
[SourceVersionDate "2024.03.13"]
[SourceQuality "1"]

1. e4 c5 2. Nf3 Nc6 3. Nc3 g6 4. d4 cxd4 5. Nxd4 Bg7 6. Be3 Nf6 7. Nxc6 bxc6 8. e5 Ng8 9. f4 Nh6 10. h3 Rb8 11. Qd2 Rxb2 12. Na4 Rb8 13. Bxa7 Qc7 14. Bxb8 Qxb8 15. 0-0-0 0-0 16. Bc4 Nf5 17. g4 d5 18. gxf5 dxc4 19. fxg6 fxg6 20. Rhf1 Bxh3 21. Rf2 Qa7 22. Rh2 Bh6 23. Rxh3 Bxf4 24. Qxf4 Rxf4 25. Nb2 Qxa2 26. Rd8+ Kg7 27. Rb8 Qa1+ 28. Kd2 Rf2+ 0-1

[Event "FRA-ch U16"]
[Site "Agen"]
[Date "2022.04.19"]
[Round "4"]
[White "Del Giovane, Fabio"]
[Black "Lesueur, Gabriel"]
[Result "0-1"]
[WhiteElo "1841"]
[BlackElo "2137"]
[PlyCount "102"]
[EventDate "2022.04.16"]
[EventType "swiss"]
[EventRounds "9"]
[EventCountry "FRA"]
[SourceTitle "EXT 2023"]
[Source "ChessBase"]
[SourceDate "2022.10.05"]
[SourceVersion "1"]
[SourceVersionDate "2022.10.05"]
[SourceQuality "1"]

1. e4 e6 2. d4 d5 3. Nd2 c5 4. Ngf3 Nc6 5. exd5 Qxd5 6. Bc4 Qd7 7. Nb3 cxd4 8. 0-0 Nf6 9. Nbxd4 Nxd4 10. Nxd4 a6 11. c3 Qc7 12. Bb3 Bd6 13. h3 0-0 14. Qe2 e5 15. Nf3 Bf5 16. Nh4 Bd7 17. Bg5 Be7 18. Nf3 e4 19. Nd4 Qe5 20. Bxf6 gxf6 21. f4 exf3 22. Rxf3 Bc5 23. Re3 Qg5 24. Kh1 Rae8 25. Re1 f5 26. Rxe8 Rxe8 27. Qf2 f4 28. Rxe8+ Bxe8 29. Qe2 Bd7 30. Nf3 Qh5 31. Qe5 Qxe5 32. Nxe5 Be6 33. Nd3 Be3 34. Nb4 Kg7 35. Bd5 a5 36. Bxe6 fxe6 37. Nc2 Bf2 38. g4 fxg3 39. Na3 Kf6 40. Kg2 Kf5 41. Nc4 b6 42. a4 Kf4 43. b4 axb4 44. cxb4 e5 45. Nd2 e4 46. a5 bxa5 47. bxa5 h5 48. h4 e3 49. Nb3 e2 50. Nc1 e1N+ 51. Kf1 Kf3 0-1

[Event "Cappelle Online Blitz op 1st"]
[Site "Europe Echecs INT"]
[Date "2021.01.10"]
[Round "2"]
[White "Hejazipour, Mitra"]
[Black "Lesueur, Gabriel"]
[Result "1-0"]
[WhiteElo "2319"]
[BlackElo "1928"]
[PlyCount "61"]
[EventDate "2021.01.10"]
[EventType "swiss (blitz)"]
[EventRounds "11"]
[EventCountry "FRA"]
[SourceTitle "CBM 200 Extra"]
[Source "ChessBase"]
[SourceDate "2021.03.31"]
[SourceVersion "1"]
[SourceVersionDate "2021.03.31"]
[SourceQuality "1"]

1. Nf3 g6 2. d4 Bg7 3. c4 Nf6 4. Nc3 0-0 5. e4 d6 6. Be2 e5 7. Be3 Ng4 8. Bg5 f6 9. Bh4 g5 10. Bg3 Nh6 11. h3 exd4 12. Nxd4 f5 13. exf5 Nxf5 14. Nxf5 Bxf5 15. 0-0 Nc6 16. Bf3 Nd4 17. Bxb7 Rb8 18. Bd5+ Kh8 19. Qd2 Nc2 20. Rab1 Nd4 21. Rbc1 c6 22. Bxc6 Nxc6 23. Bxd6 Nd4 24. c5 Bxh3 25. Rcd1 Qd7 26. Qxg5 Rg8 27. Bxb8 Nf3+ 28. gxf3 Bxc3 29. Qxg8+ Kxg8 30. Rxd7 Bxd7 31. bxc3 1-0